000 00392nam a22001577a 4500
999 _c5668
_d5666
005 20210824145837.0
008 171206b xxu||||| |||| 00| 0 eng d
041 _aeng
082 _a622.14
100 _aCHAND, ALAM
_96577
245 _aMODEN CONCEPT OF MINE SURVEYING (VOL-1)
_cALAM CHAND
260 _aDHANBAD
_bNEW SKETCH PRESS
300 _a139p,
650 _aMINING
_96578
942 _cBK